00647 2200277 4500001002100000005001500021035002000036007000300056040001700059100001000076245003800086250001000124300003000134020001800164041000800182082001000190084002300200090001700223264004400240336001500284337001300299338001500312650001000327850001000337990002200347INLIS00000000001419820260526075625 a0010-0526000048ta aSBPUPADbind aRyan: aIngenuo :bPart Dua Belas /cRyan aCet.1 a200 hlm :billus ;c11 cm a979-20-6967-4 bind a741.5 2[23]a741.5 RYA i a741.5 RYA i aJakarta :bElex Media Komputindo,c2005 2rdacontent 2rdamedia 2rdacarrier akomik aPUPAD a39.467/S/DPK/2025